[Event "European Rapid 2016"]
[Site "Tallinn EST"]
[Date "2016.12.16"]
[Round "7.37"]
[White "Ionov, Sergey"]
[Black "Cherepov, Alexej"]
[Result "0-1"]
[WhiteTitle "GM"]
[WhiteElo "2535"]
[BlackElo "2106"]
[WhiteFideId "4100875"]
[BlackFideId "13503650"]
[EventDate "2016.12.15"]

1. d4 d5 2. Bf4 Nf6 3. e3 Bf5 4. c4 e6 5. Nc3 c6 6. Qb3 b6 7. Nf3 Nbd7 8. cxd5
exd5 9. Ba6 Be7 10. Bb7 Rc8 11. Bxc8 Qxc8 12. O-O O-O 13. h3 Qb7 14. Ne5 Nxe5
15. Bxe5 Be6 16. Qc2 Nd7 17. Bg3 g6 18. Rfd1 Rc8 19. Rac1 Bf5 20. Qe2 h5 21. e4
dxe4 22. Nxe4 Be6 23. Bd6 Bd8 24. b3 Bd5 25. Re1 Nf6 26. Nc3 Be6 27. Qf3 Qd7 28.
Be5 Nd5 29. Nxd5 Bxd5 30. Qf4 g5 31. Qe3 Qf5 32. f3 b5 33. Rcd1 Ba5 34. Rf1 Re8
35. g4 Qg6 36. Qd3 Qh6 37. Qf5 Re6 38. Rf2 f6 39. Bg3 Kg7 40. Kg2 Qh8 41. h4
gxh4 42. Bxh4 hxg4 43. Qxg4+ Kf7 44. Bg3 Be1 45. Rc2 Qh7 46. Rb2 Bc3 47. Rh1 Qd3
48. Rf2 Bxd4 49. Rh8 f5 50. Qg8+ Kf6 51. Qf8+ Kg5 52. Rg8+ Rg6 53. Bh4+ Kxh4+
54. Rxg6 Bxf3+ 55. Rxf3 Qe2+ 56. Kh1 Qxf3+ 57. Rg2 Qf1+ 58. Kh2 Be5+ 0-1

[Event "European Rapid 2016"]
[Site "Tallinn EST"]
[Date "2016.12.16"]
[Round "7.38"]
[White "Navara, David"]
[Black "Chibukhchyan, Erik"]
[Result "1-0"]
[WhiteTitle "GM"]
[WhiteElo "2725"]
[BlackElo "2145"]
[WhiteFideId "309095"]
[BlackFideId "34135224"]
[EventDate "2016.12.15"]

1. d4 Nf6 2. c4 e6 3. Nc3 Bb4 4. e3 b6 5. Ne2 Ba6 6. a3 Bxc3+ 7. Nxc3 O-O 8. Qf3
d5 9. g4 Bb7 10. g5 Ne4 11. Nxe4 dxe4 12. Qg3 Qd6 13. Bd2 Nc6 14. Rc1 Qxg3 15.
hxg3 Nxd4 16. exd4 e3 17. Rh4 exd2+ 18. Kxd2 Rad8 19. Bd3 g6 20. Ke3 f6 21. gxf6
Rxf6 22. f4 c5 23. dxc5 bxc5 24. b4 e5 25. bxc5 exf4+ 26. Rxf4 Re6+ 27. Kd2 Re5
28. Kc3 Re3 29. Rd4 Rc8 30. g4 Bc6 31. Rf1 Kg7 32. Rff4 h5 33. Rd6 Be8 34. Kd4
Rg3 35. gxh5 gxh5 36. Re6 Rd8+ 37. Rd6 Rc8 38. Be4 Rxa3 39. Re6 Rd8+ 40. Bd5 Bg6
41. c6 Ra5 42. c7 Rc8 43. Re7+ Kh6 44. Bb7 1-0

[Event "European Rapid 2016"]
[Site "Tallinn EST"]
[Date "2016.12.16"]
[Round "7.39"]
[White "Bortnyk, Olexandr"]
[Black "Kononenko, Dmitry2"]
[Result "1-0"]
[WhiteTitle "GM"]
[BlackTitle "FM"]
[WhiteElo "2581"]
[BlackElo "2280"]
[WhiteFideId "14120828"]
[BlackFideId "14113538"]
[EventDate "2016.12.15"]

1. e4 c6 2. c4 d5 3. cxd5 cxd5 4. exd5 Nf6 5. Qa4+ Nbd7 6. Nc3 g6 7. Bc4 Bg7 8.
d3 O-O 9. Nf3 a6 10. Qa3 b6 11. O-O Bb7 12. Re1 Re8 13. Be3 b5 14. Bb3 Nb6 15.
Bxb6 Qxb6 16. Qb4 Qd8 17. Re5 Nd7 18. Rg5 Bf6 19. Qh4 Kg7 20. Ne4 h6 21. Nxf6
Nxf6 22. Rg3 Bxd5 23. Nd4 e6 24. Qf4 Bxb3 25. axb3 Nd5 26. Qe4 Qd6 27. h4 Rad8
28. h5 Nf4 29. hxg6 fxg6 30. Nc6 Rd7 31. Ne5 g5 32. Nxd7 1-0

[Event "European Rapid 2016"]
[Site "Tallinn EST"]
[Date "2016.12.16"]
[Round "7.40"]
[White "Wege, Jochen"]
[Black "Cvitan, Ognjen"]
[Result "0-1"]
[WhiteTitle "FM"]
[BlackTitle "GM"]
[WhiteElo "2295"]
[BlackElo "2491"]
[WhiteFideId "4620488"]
[BlackFideId "14500086"]
[EventDate "2016.12.15"]

1. e4 c5 2. Nf3 d6 3. d4 cxd4 4. Nxd4 Nf6 5. Nc3 g6 6. f4 Nbd7 7. Bd3 Bg7 8. Nf3
O-O 9. O-O Nc5 10. Qe1 b5 11. e5 Nxd3 12. cxd3 dxe5 13. fxe5 Nd5 14. Ne4 Qb6+
15. Kh1 f6 16. d4 Bg4 17. exf6 exf6 18. Nc5 Qd6 19. Qh4 Bxf3 20. Rxf3 Rae8 21.
Bh6 Bxh6 22. Qxh6 Rf7 23. Raf1 Rfe7 24. h4 Re3 25. Nd3 Rxf3 26. Rxf3 Re4 27. g3
Qe6 28. Nf2 Re2 29. Kh2 Rxb2 30. Qc1 Re2 31. Qc5 Qe4 32. Qc8+ Kg7 33. Qd7+ Kh6
34. Kh3 Rxf2 35. Rxf2 Qh1+ 36. Rh2 Qf1+ 37. Rg2 Ne3 38. Qb7 Qh1+ 0-1

[Event "European Rapid 2016"]
[Site "Tallinn EST"]
[Date "2016.12.16"]
[Round "8.1"]
[White "Shirov, Alexei"]
[Black "Mamedov, Rauf"]
[Result "1/2-1/2"]
[WhiteTitle "GM"]
[BlackTitle "GM"]
[WhiteElo "2673"]
[BlackElo "2688"]
[WhiteFideId "2209390"]
[BlackFideId "13401653"]
[EventDate "2016.12.15"]

1. e4 c5 2. Nf3 Nc6 3. d4 cxd4 4. Nxd4 g6 5. Nc3 Bg7 6. Be3 Nf6 7. Bc4 Qa5 8.
O-O O-O 9. Nd5 Nxd5 10. exd5 Ne5 11. Nb3 Qc7 12. Be2 d6 13. Bd4 Nd7 14. Bxg7
Kxg7 15. c4 Nf6 16. Rc1 a5 17. Re1 a4 18. Nd4 Bd7 19. Bf3 Rfe8 20. Qd2 Qa5 21.
Qxa5 Rxa5 22. Re3 Kf8 23. h3 Rc8 24. Rec3 h5 1/2-1/2

[Event "European Rapid 2016"]
[Site "Tallinn EST"]
[Date "2016.12.16"]
[Round "8.2"]
[White "Wojtaszek, Radoslaw"]
[Black "Fridman, Daniel"]
[Result "1-0"]
[WhiteTitle "GM"]
[BlackTitle "GM"]
[WhiteElo "2749"]
[BlackElo "2596"]
[WhiteFideId "1118358"]
[BlackFideId "11600454"]
[EventDate "2016.12.15"]

1. d4 d5 2. c4 e6 3. Nc3 Nf6 4. cxd5 exd5 5. Bg5 c6 6. e3 Nbd7 7. Bd3 Be7 8. h3
Nf8 9. Nf3 Ne6 10. Bh4 g6 11. Rb1 a5 12. O-O Ng7 13. a3 Bf5 14. b4 axb4 15. axb4
O-O 16. b5 Ra3 17. Bxf5 Nxf5 18. Bxf6 Bxf6 19. Rb3 Qa5 20. bxc6 bxc6 21. Qc2 Nd6
22. Nd2 Rc8 23. Rfb1 Kg7 24. Rxa3 Qxa3 25. Na4 Nf5 26. Nf3 Nd6 27. Nd2 Nf5 28.
Nc5 Bxd4 29. exd4 Nxd4 30. Qb2 Qxb2 31. Rxb2 Re8 32. Rb4 Nc2 33. Rb7 Re1+ 34.
Kh2 Re2 35. Nf3 Rxf2 36. Ne6+ Kh6 37. Rxf7 Ne1 38. Kg1 Re2 39. Nfg5 1-0

[Event "European Rapid 2016"]
[Site "Tallinn EST"]
[Date "2016.12.16"]
[Round "8.3"]
[White "Rakhmanov, Aleksandr"]
[Black "Onischuk, Vladimir"]
[Result "0-1"]
[WhiteTitle "GM"]
[BlackTitle "GM"]
[WhiteElo "2667"]
[BlackElo "2601"]
[WhiteFideId "4173708"]
[BlackFideId "14114038"]
[EventDate "2016.12.15"]

1. c4 g6 2. Nc3 Bg7 3. g3 d6 4. Bg2 Nf6 5. e3 O-O 6. Nge2 e5 7. d3 c6 8. e4 a6
9. a4 a5 10. O-O Na6 11. h3 Nb4 12. Bg5 h6 13. Be3 Nd7 14. Na2 Nc5 15. Nxb4 axb4
16. d4 exd4 17. Bxd4 Re8 18. Bxc5 dxc5 19. Qc2 Qb6 20. Nc1 b3 21. Nxb3 Qb4 22.
a5 Be6 23. Rfc1 b5 24. axb6 Rxa1 25. Rxa1 Qxb6 26. Rb1 Qb4 27. Bf1 Rd8 28. Kg2
g5 29. Be2 Be5 30. Kh2 Kf8 31. Kg2 Ra8 32. Nc1 Bd4 33. b3 Qa5 34. Bg4 Ke7 35.
Ne2 Qa2 36. Nxd4 cxd4 37. Rb2 Qa1 38. Qd2 c5 39. b4 Bxc4 40. bxc5 Qf1+ 41. Kh2
Bd3 42. f3 Ra1 43. Qg2 Qc1 44. Rd2 Bf1 45. Qf2 Be2 0-1

[Event "European Rapid 2016"]
[Site "Tallinn EST"]
[Date "2016.12.16"]
[Round "8.4"]
[White "Grandelius, Nils"]
[Black "Leko, Peter"]
[Result "1/2-1/2"]
[WhiteTitle "GM"]
[BlackTitle "GM"]
[WhiteElo "2643"]
[BlackElo "2693"]
[WhiteFideId "1710400"]
[BlackFideId "703303"]
[EventDate "2016.12.15"]

1. e4 e5 2. Nf3 Nc6 3. Bb5 Nf6 4. O-O Nxe4 5. Re1 Nd6 6. Nxe5 Be7 7. Bf1 Nf5 8.
Nf3 O-O 9. d4 d5 10. c3 Bd6 11. Bd3 Re8 12. Rxe8+ Qxe8 13. Nbd2 Bd7 14. Nf1 f6
15. Bd2 Qf7 16. Qc2 g6 17. Re1 b6 18. Ng3 Nxg3 19. hxg3 Re8 20. Rxe8+ Qxe8 21.
Qc1 Nd8 22. Bf4 Nf7 23. Nh2 Kg7 24. Nf1 Bb5 25. Bxb5 1/2-1/2

[Event "European Rapid 2016"]
[Site "Tallinn EST"]
[Date "2016.12.16"]
[Round "8.5"]
[White "Anton Guijarro, David"]
[Black "Naiditsch, Arkadij"]
[Result "1-0"]
[WhiteTitle "GM"]
[BlackTitle "GM"]
[WhiteElo "2650"]
[BlackElo "2687"]
[WhiteFideId "2285525"]
[BlackFideId "4650891"]
[EventDate "2016.12.15"]

1. d4 Nf6 2. c4 e6 3. Nf3 Bb4+ 4. Nbd2 b6 5. a3 Bxd2+ 6. Qxd2 Bb7 7. e3 O-O 8.
Be2 d5 9. b4 Nbd7 10. Bb2 c5 11. dxc5 bxc5 12. O-O Ne4 13. Qc2 cxb4 14. axb4
dxc4 15. Qxc4 Nb6 16. Qd4 Qxd4 17. Nxd4 a6 18. Nb3 Rfc8 19. Bd4 Nd5 20. Nc5 Nxc5
21. bxc5 a5 22. Ra3 Ba6 23. Bxa6 Rxa6 24. Rb1 f6 25. e4 Ne7 26. Be3 Nc6 27. Rb6
Ra7 28. Kf1 Kf7 29. Ke2 a4 30. f3 g5 31. Kd3 Ra5 32. Kc4 h5 33. h3 h4 34. Kc3
Ra7 35. Kc4 Ra5 36. Rb7+ Kg6 37. Kc3 Raa8 38. Rb5 Ra6 39. Rb1 Ra7 40. Rba1 Rca8
41. f4 gxf4 42. Bxf4 Ra5 43. Bd6 e5 44. Kc4 R8a7 45. Rb1 Nd4 46. Rb6 R5a6 47.
Bxe5 Nc6 48. Rxa6 Rxa6 49. Kb5 Ra5+ 50. Kxc6 1-0

[Event "European Rapid 2016"]
[Site "Tallinn EST"]
[Date "2016.12.16"]
[Round "8.6"]
[White "Saric, Ivan"]
[Black "Riazantsev, Alexander"]
[Result "0-1"]
[WhiteTitle "GM"]
[BlackTitle "GM"]
[WhiteElo "2652"]
[BlackElo "2671"]
[WhiteFideId "14508150"]
[BlackFideId "4125029"]
[EventDate "2016.12.15"]

1. e4 c6 2. d4 d5 3. Nc3 dxe4 4. Nxe4 Bf5 5. Ng3 Bg6 6. h4 h6 7. Nf3 Nd7 8. h5
Bh7 9. Bd3 Bxd3 10. Qxd3 e6 11. Bd2 Bd6 12. Ne4 Bc7 13. O-O-O Ngf6 14. Kb1 Nxe4
15. Qxe4 Nf6 16. Qd3 Qd5 17. c4 Qe4 18. Qxe4 Nxe4 19. Be3 f5 20. Nd2 Nf6 21. f3
O-O-O 22. Bf2 Rhe8 23. Nb3 e5 24. dxe5 Rxd1+ 25. Rxd1 Nxh5 26. Bxa7 Rxe5 27. Bd4
Re2 28. g4 fxg4 29. fxg4 Nf6 30. Bxf6 gxf6 31. Rd2 Re4 32. Rd4 Re1+ 33. Kc2 Be5
34. Rd3 Re4 35. Rh3 Rxc4+ 36. Kd3 Rxg4 37. Rxh6 Bxb2 38. Nc5 Be5 39. Rh8+ Kc7
40. Rh7+ Kb6 41. Nd7+ Ka7 42. Kc2 Rb4 43. a3 Rb2+ 44. Kd3 Rb3+ 45. Kc4 Rc3+ 46.
Kb4 Rc1 47. a4 Bd6+ 48. Kb3 Rb1+ 49. Kc3 Rb4 50. Nxf6 Rxa4 51. Nd7 Ra3+ 52. Kc2
Re3 53. Rh1 Ka6 54. Ra1+ Kb5 55. Ra7 b6 56. Rb7 Bc5 57. Rb8 Re7 58. Rd8 Re2+ 59.
Kd3 Re6 60. Nb8 Bd6 0-1

[Event "European Rapid 2016"]
[Site "Tallinn EST"]
[Date "2016.12.16"]
[Round "8.7"]
[White "Bartel, Mateusz"]
[Black "Potkin, Vladimir"]
[Result "1/2-1/2"]
[WhiteTitle "GM"]
[BlackTitle "GM"]
[WhiteElo "2641"]
[BlackElo "2597"]
[WhiteFideId "1112635"]
[BlackFideId "4131061"]
[EventDate "2016.12.15"]

1. e4 e6 2. d4 d5 3. Nc3 Nf6 4. e5 Nfd7 5. f4 c5 6. Nf3 Nc6 7. Be3 a6 8. Qd2 b5
9. dxc5 Bxc5 10. Bxc5 Nxc5 11. Qf2 Qb6 12. Bd3 b4 13. Ne2 a5 14. O-O Ba6 15. f5
exf5 16. Nf4 O-O 17. Bxa6 Rxa6 18. Nxd5 Qa7 19. Kh1 Ne4 20. Qh4 Re8 21. Ng5 Nxg5
22. Qxg5 Nxe5 23. Rxf5 h6 24. Qf4 Rae6 25. Rf1 Qb7 26. Qe4 Qc8 27. Nf4 R6e7 28.
Nh5 Qc4 29. Qe3 Qxc2 30. Qg3 Ng6 31. Rxa5 Qxb2 32. h3 Qe2 33. Qf2 Qxf2 34. Rxf2
Re5 35. Rxe5 Nxe5 36. Re2 f6 37. Nf4 Rd8 38. Re4 Rb8 39. Nd5 b3 40. axb3 Rxb3
41. Rb4 Rd3 42. Rb8+ Kh7 43. Nf4 Rd6 44. Rb7 Rd7 45. Rxd7 Nxd7 46. h4 g5 47.
hxg5 hxg5 48. Ne2 f5 49. g3 Kg6 50. Kg2 Ne5 51. Kf2 Kf6 52. Ke3 Nc6 53. Nc1 Ke5
54. Nd3+ Kd5 55. Nf2 Nd4 56. Nh3 Ne6 57. Nf2 Kc4 58. g4 fxg4 59. Ke4 1/2-1/2

[Event "European Rapid 2016"]
[Site "Tallinn EST"]
[Date "2016.12.16"]
[Round "8.10"]
[White "Movsesian, Sergei"]
[Black "Ponkratov, Pavel"]
[Result "0-1"]
[WhiteTitle "GM"]
[BlackTitle "GM"]
[WhiteElo "2673"]
[BlackElo "2607"]
[WhiteFideId "310204"]
[BlackFideId "4157800"]
[EventDate "2016.12.15"]

1. g3 e5 2. c4 Nf6 3. Bg2 d5 4. cxd5 Nxd5 5. Nf3 Nc6 6. O-O f5 7. d3 Be7 8. Nc3
Be6 9. a3 Qd7 10. Nxd5 Bxd5 11. b4 Bf6 12. Bb2 a6 13. Qc2 O-O-O 14. e4 Be6 15.
Rfd1 g5 16. Rac1 g4 17. exf5 Bd5 18. Ne1 Bg5 19. Rb1 Bxg2 20. Nxg2 h5 21. Qc4
Qxf5 22. b5 axb5 23. Qxb5 Rhf8 24. Rf1 Qxd3 25. Qa4 Qa6 26. Qe4 Rd2 27. Bxe5 Re2
28. Ne3 Rfxf2 29. Bf4 Bxf4 30. gxf4 Rxf1+ 31. Rxf1 Qb6 0-1

[Event "European Rapid 2016"]
[Site "Tallinn EST"]
[Date "2016.12.16"]
[Round "8.11"]
[White "Kovalenko, Igor"]
[Black "Chigaev, Maksim"]
[Result "1-0"]
[WhiteTitle "GM"]
[BlackTitle "GM"]
[WhiteElo "2684"]
[BlackElo "2531"]
[WhiteFideId "14117908"]
[BlackFideId "4108116"]
[EventDate "2016.12.15"]

1. c4 e5 2. Nc3 Nf6 3. Nf3 Nc6 4. g3 d5 5. cxd5 Nxd5 6. Bg2 Nb6 7. O-O Be7 8.
Rb1 a5 9. d3 O-O 10. Be3 Be6 11. a3 f5 12. Rc1 Rf7 13. Na4 Nd5 14. Rxc6 Nxe3 15.
fxe3 bxc6 16. Nxe5 Bg5 17. Nxf7 Bxe3+ 18. Kh1 Kxf7 19. Qc2 Qd6 20. Rf3 Bd4 21.
e3 Ba7 22. d4 g6 23. Rf2 Rb8 24. Qxc6 Qxc6 25. Bxc6 Ke7 26. Rd2 h5 27. Kg2 Kd6
28. Bf3 g5 29. Nc3 g4 30. Be2 c6 31. Bd3 Bd7 32. Ne2 Re8 33. Kf2 Rh8 34. Nf4 h4
35. Bf1 hxg3+ 36. hxg3 Bb6 37. Bg2 a4 38. Ng6 Rh2 39. Ne5 Be6 40. Kg1 Rh7 41.
Nxc6 Bd5 42. Ne5 Rc7 43. Rf2 Rc1+ 44. Kh2 Be6 45. Re2 Bd8 46. Nd3 Ra1 47. Nc5
Bc8 48. Nxa4 Bg5 49. Nc5 Rd1 50. a4 Be6 51. Nxe6 Kxe6 52. a5 Ra1 53. b4 Ra3 54.
Bb7 Kd6 55. a6 Kc7 56. e4 f4 57. gxf4 Bxf4+ 58. Kg1 Be3+ 59. Kg2 Bxd4 60. e5 Ra1
61. Kg3 Rg1+ 62. Kf4 Rb1 63. e6 Rxb4 64. e7 Bc5+ 65. Kg3 Bd6+ 66. Kg2 Bxe7 67.
Rxe7+ Kb6 68. Kg3 Ra4 69. Rf7 Rb4 70. Rf4 1-0

[Event "European Rapid 2016"]
[Site "Tallinn EST"]
[Date "2016.12.16"]
[Round "8.12"]
[White "Neiksans, Arturs"]
[Black "Andriasian, Zaven"]
[Result "1/2-1/2"]
[WhiteTitle "GM"]
[BlackTitle "GM"]
[WhiteElo "2631"]
[BlackElo "2621"]
[WhiteFideId "11601388"]
[BlackFideId "13302000"]
[EventDate "2016.12.15"]

1. e4 c5 2. Nf3 d6 3. Bb5+ Nc6 4. O-O Bd7 5. Re1 Nf6 6. c3 a6 7. Bf1 Bg4 8. h3
Bxf3 9. Qxf3 e6 10. d3 Be7 11. Nd2 d5 12. Qe2 O-O 13. Nf3 b5 14. Bf4 Rc8 15. g3
c4 16. dxc4 dxc4 17. Rad1 Qa5 18. Qc2 h6 19. a4 Rfd8 20. axb5 axb5 21. Be3 Nd7
22. Ra1 Qc7 23. Nd4 Nde5 24. Be2 Nxd4 25. Bxd4 Bc5 26. Red1 Nd7 27. Bg4 Ne5 28.
Be2 Nd7 29. Bg4 Ne5 30. Be2 1/2-1/2

[Event "European Rapid 2016"]
[Site "Tallinn EST"]
[Date "2016.12.16"]
[Round "8.13"]
[White "Jussupow, Artur"]
[Black "Najer, Evgeniy"]
[Result "0-1"]
[WhiteTitle "GM"]
[BlackTitle "GM"]
[WhiteElo "2585"]
[BlackElo "2679"]
[WhiteFideId "4618777"]
[BlackFideId "4118987"]
[EventDate "2016.12.15"]

1. d4 d5 2. Nf3 Nf6 3. e3 Bg4 4. c4 c6 5. cxd5 Bxf3 6. Qxf3 cxd5 7. Nc3 Nc6 8.
Bd3 e6 9. O-O Rc8 10. Bd2 Bd6 11. Qh3 g6 12. f4 O-O 13. Be1 Be7 14. Rd1 Na5 15.
g4 Nc4 16. Bxc4 Rxc4 17. f5 Qd7 18. Bh4 b5 19. Rf3 b4 20. Ne2 Rc2 21. Nf4 Ne4
22. Nd3 f6 23. Rff1 exf5 24. gxf5 Bd6 25. Bg3 g5 26. Rc1 Rfc8 27. Nc5 R2xc5 28.
dxc5 Bxc5 29. Be1 Re8 30. Rd1 Re5 31. Kh1 Kg7 32. Bg3 Re8 33. Rd3 Qb7 34. Rfd1
d4 35. Kg1 Nxg3 36. Qxg3 Rxe3 37. Qg4 Qe7 38. Kf1 Re4 39. Qg2 Qe5 40. Rf3 h5 41.
Qc2 g4 42. Rf2 d3 43. Qxd3 Bxf2 44. Kxf2 Qxh2+ 0-1

[Event "European Rapid 2016"]
[Site "Tallinn EST"]
[Date "2016.12.16"]
[Round "8.14"]
[White "Alekseev, Evgeny"]
[Black "Kobalia, Mikhail"]
[Result "1-0"]
[WhiteTitle "GM"]
[BlackTitle "GM"]
[WhiteElo "2632"]
[BlackElo "2628"]
[WhiteFideId "4138147"]
[BlackFideId "4119150"]
[EventDate "2016.12.15"]

1. e4 e5 2. Nf3 Nc6 3. Bb5 a6 4. Ba4 Nf6 5. d3 b5 6. Bb3 Bc5 7. Nc3 d6 8. Nd5 h6
9. c3 O-O 10. O-O Ba7 11. h3 Be6 12. Nxf6+ Qxf6 13. Re1 Rad8 14. Be3 Bxe3 15.
Rxe3 d5 16. exd5 Bxd5 17. Qe2 Qg6 18. Bc2 f5 19. Bb3 f4 20. Re4 Kh7 21. Bxd5
Rxd5 22. Re1 Rfd8 23. d4 b4 24. dxe5 bxc3 25. bxc3 Rc5 26. c4 Re8 27. e6 Qf5 28.
e7 Ra5 29. Qd2 Ra3 30. Rxf4 Qd3 31. Qxd3+ Rxd3 32. Re6 Rd6 33. Rfe4 Nb4 34. a3
Nd3 35. Rxd6 cxd6 36. Nd4 Nc5 37. Re3 Kg6 38. f4 Kf6 39. Nc6 Na4 40. Kf2 Nb6 41.
Re4 d5 42. cxd5 Nxd5 43. Kf3 Kf7 44. Re5 Nf6 45. Nd8+ Kg6 46. g4 Ng8 47. Re6+
Kh7 48. Nc6 Nf6 49. h4 Kg8 50. g5 hxg5 51. hxg5 Nd5 52. f5 1-0

[Event "European Rapid 2016"]
[Site "Tallinn EST"]
[Date "2016.12.16"]
[Round "8.15"]
[White "Plat, Vojtech"]
[Black "Matlakov, Maxim"]
[Result "0-1"]
[WhiteTitle "IM"]
[BlackTitle "GM"]
[WhiteElo "2532"]
[BlackElo "2694"]
[WhiteFideId "325740"]
[BlackFideId "4168003"]
[EventDate "2016.12.15"]

1. d4 Nf6 2. c4 c5 3. Nf3 cxd4 4. Nxd4 Nc6 5. Nc3 e6 6. g3 Qb6 7. Nb3 Ne5 8. e4
Bb4 9. Qe2 d6 10. Bg2 Qc7 11. Nd2 O-O 12. O-O Bxc3 13. bxc3 Nfd7 14. f4 Nc6 15.
Nb3 b6 16. Nd4 Ba6 17. Nb5 Bxb5 18. cxb5 Na5 19. Be3 Rac8 20. Rac1 Qc4 21. Qxc4
Nxc4 22. Bf2 Nf6 23. Rfd1 Rc7 24. h3 Rfc8 25. g4 h6 26. Rd4 e5 27. fxe5 dxe5 28.
Rd3 Na3 29. Bg3 Rc5 30. h4 Nxb5 31. g5 hxg5 32. hxg5 Nh5 33. Bh3 Nxg3 0-1

[Event "European Rapid 2016"]
[Site "Tallinn EST"]
[Date "2016.12.16"]
[Round "8.16"]
[White "Kanep, Meelis"]
[Black "Motylev, Alexander"]
[Result "0-1"]
[WhiteTitle "GM"]
[BlackTitle "GM"]
[WhiteElo "2485"]
[BlackElo "2663"]
[WhiteFideId "4501047"]
[BlackFideId "4121830"]
[EventDate "2016.12.15"]

1. d4 d5 2. c4 c6 3. Nf3 Nf6 4. e3 Nbd7 5. cxd5 cxd5 6. Nc3 e6 7. Bd3 Bd6 8. O-O
O-O 9. Bd2 a6 10. Rc1 h6 11. Qe2 Re8 12. h3 b5 13. a4 b4 14. Na2 Qb6 15. b3 Bb7
16. Qe1 a5 17. Bb5 e5 18. Qd1 Rad8 19. Rc2 e4 20. Nh2 Re6 21. Qe2 Bb8 22. Rfc1
Nf8 23. Nf1 Bd6 24. Be1 Ng6 25. Ng3 Nh4 26. Qd1 Kh7 27. Bf1 Bb8 28. Qe2 Qa7 29.
Qb5 Rb6 30. Qe2 Ng6 31. Rc5 Nd7 32. R5c2 Nf6 33. Rc5 Ne7 34. Qd1 Nd7 35. R5c2
Nf8 36. Rc5 Ne6 37. R5c2 f5 38. Bb5 f4 39. exf4 Nxf4 40. Bd2 Rg6 41. Be3 Qb6 42.
Bf1 Nxh3+ 43. gxh3 Bxg3 44. Kh1 Bb8 45. Qh5 Rf8 46. Bg2 Rf5 47. Qh4 Qd6 0-1

[Event "European Rapid 2016"]
[Site "Tallinn EST"]
[Date "2016.12.16"]
[Round "8.17"]
[White "Halkias, Stelios"]
[Black "Grigoriants, Sergey"]
[Result "1-0"]
[WhiteTitle "GM"]
[BlackTitle "GM"]
[WhiteElo "2585"]
[BlackElo "2563"]
[WhiteFideId "4201809"]
[BlackFideId "4130804"]
[EventDate "2016.12.15"]

1. Nf3 Nf6 2. d4 d5 3. e3 e6 4. Bd3 b6 5. b3 Bb7 6. O-O Be7 7. Bb2 O-O 8. c4
dxc4 9. bxc4 c5 10. Qe2 Re8 11. Rd1 cxd4 12. exd4 Nbd7 13. Nc3 Nf8 14. Ne5 Ng6
15. Bxg6 hxg6 16. Rd3 Bd6 17. Rad1 Qe7 18. Nb5 Nd7 19. h4 Nf6 20. Nxd6 Qxd6 21.
Re3 Rac8 22. Rg3 Qb4 23. Rb3 Qd6 24. Ra3 a6 25. Rb3 Ba8 26. a4 Qc7 27. Rc1 Rb8
28. Qe3 Rec8 29. Ba3 Nd7 30. Nxg6 fxg6 31. Qxe6+ Kh8 32. Bd6 Nf8 33. Qe5 Qb7 34.
Rg3 Re8 35. Qg5 Rbd8 36. Be5 Qf7 37. h5 Re6 38. Qxd8 Be4 1-0

[Event "European Rapid 2016"]
[Site "Tallinn EST"]
[Date "2016.12.16"]
[Round "8.18"]
[White "Cherepov, Alexej"]
[Black "Vitiugov, Nikita"]
[Result "0-1"]
[BlackTitle "GM"]
[WhiteElo "2106"]
[BlackElo "2726"]
[WhiteFideId "13503650"]
[BlackFideId "4152956"]
[EventDate "2016.12.15"]

1. d4 Nf6 2. c4 b6 3. Nc3 Bb7 4. Nf3 e6 5. a3 g6 6. Bg5 Bg7 7. e3 h6 8. Bf4 d6
9. h3 Nbd7 10. Be2 a6 11. O-O g5 12. Bh2 g4 13. hxg4 Nxg4 14. Bg3 h5 15. e4 Qe7
16. d5 O-O-O 17. Rc1 h4 18. Bf4 Rdg8 19. Nd4 h3 20. g3 Bxd4 21. Bxg4 Be5 22. Be3
f5 23. exf5 Nf6 24. Bf3 exf5 25. Ne2 Bxb2 26. Rb1 Be5 27. Nd4 f4 28. Nc6 Bxc6
29. dxc6 fxe3 30. Qa4 Kd8 31. Qxa6 Ke8 32. fxe3 Rxg3+ 33. Kh1 Kf7 34. Bd5+ Kg7
35. Rg1 Ng4 36. Rbf1 Rxg1+ 37. Kxg1 Rf8 0-1

[Event "European Rapid 2016"]
[Site "Tallinn EST"]
[Date "2016.12.16"]
[Round "8.19"]
[White "Turov, Maxim"]
[Black "Zakhartsov, Vladimir"]
[Result "0-1"]
[WhiteTitle "GM"]
[BlackTitle "IM"]
[WhiteElo "2594"]
[BlackElo "2453"]
[WhiteFideId "4120086"]
[BlackFideId "4145097"]
[EventDate "2016.12.15"]

1. d4 Nf6 2. c4 e6 3. Nc3 Bb4 4. Qc2 O-O 5. Bg5 h6 6. Bh4 d5 7. cxd5 exd5 8. e3
c5 9. Nf3 Bg4 10. Ne5 Be6 11. Be2 Nc6 12. O-O cxd4 13. Nxc6 bxc6 14. exd4 c5 15.
a3 Bxc3 16. bxc3 cxd4 17. cxd4 Qc8 18. Qa4 Ne4 19. Ba6 Qc7 20. Rac1 Qb6 21. Rc2
g5 22. Bg3 Nxg3 23. hxg3 Rab8 24. Rfc1 Qb3 25. Qa5 Qb6 26. Rc5 Qb2 27. Qa4 Rb3
28. R5c2 Rxa3 29. Rxb2 Rxa4 30. Rc6 Rxd4 31. Rd6 Ra4 32. Rb7 Rc8 33. Rb2 Rc1+
34. Kh2 g4 0-1

[Event "European Rapid 2016"]
[Site "Tallinn EST"]
[Date "2016.12.16"]
[Round "8.20"]
[White "Huzman, Alexander"]
[Black "Jankovic, Alojzije"]
[Result "1/2-1/2"]
[WhiteTitle "GM"]
[BlackTitle "GM"]
[WhiteElo "2557"]
[BlackElo "2591"]
[WhiteFideId "2803828"]
[BlackFideId "14505959"]
[EventDate "2016.12.15"]

1. Nf3 d6 2. d4 Nf6 3. c4 g6 4. Nc3 Bf5 5. Nh4 Bd7 6. e4 e5 7. Nf3 Bg7 8. Be2
O-O 9. O-O Nc6 10. Be3 Re8 11. dxe5 dxe5 12. h3 Nh5 13. Nd5 Nf4 14. Re1 Ne6 15.
Qd2 Ncd4 16. Nxd4 exd4 17. Bh6 c6 18. Bxg7 Nxg7 19. Nf4 Rxe4 20. Bf3 Rxe1+ 21.
Rxe1 Qf6 22. Nd3 Bxh3 23. Nc5 Ne6 24. Ne4 Qf5 25. Qh6 Bxg2 26. Bxg2 Qf4 27. Qxf4
Nxf4 28. Nd6 d3 29. Nxb7 d2 30. Rd1 Nxg2 31. Kxg2 Rb8 32. Na5 Rxb2 33. Nxc6 Rxa2
34. Ne5 Rc2 35. Kf3 f6 36. Ng4 Rxc4 37. Nxf6+ Kg7 38. Ne4 Rd4 39. Ke3 Rd7 40.
Nxd2 a5 41. Ra1 Ra7 42. Ra4 Kf6 43. Nc4 h5 44. Rxa5 Rxa5 45. Nxa5 Kf5 46. Nc6 g5
47. Nd4+ Kg4 48. Nf3 Kf5 49. Ne1 g4 50. Ke2 g3 1/2-1/2